00452nam a2200181Ia 450000500170000000800410001702000180005804100080007608200150008410000170009924500280011625000110014426000320015530000090018750000290019665000280022570000170025320251122103515.0230125s9999 xx 000 0 und d a9788130933993 aeng a158.1bMUR aMurthy G R K aSoft Skills For Success aEd.1st c2016bViva BooksaNew Delhi a422p aPersonality Development  aPersonality Development aMurthy G R K